Early stages of the Carpathian basins development

Bibliographic Details
Main Authors: Golonka, Jan (Author), Oszczypko, Nestor (Author), Słomka, Tadeusz (Author), Krobicki, Michal (Author)
Format: Article
Language:Slovak
English
PhysicalDescription:Obr.
ISSN:0369-2086
Subjects:

MARC

LEADER 00000nab a2200000 a 4500
001 vtls000857577
003 SK-MaSNL
005 20260305000834.0
008 250429c2003 xo 0 slo
015 |a SNBRB2003/12-36087 
035 |a CLN000209231 
035 |a (urnnbn)urn:nbn:sk:snk:ar-005kn1 
035 |a (uuid)42a2ff69-8a9d-40b5-aa8d-26fe2d52fd88 
035 |a urn:nbn:sk:snk-ab80qt 
040 |a SNKBUCL  |b slo  |c SNKBUCL  |e AACR2 
041 0 |a eng 
044 |a xo  |c SK 
080 |a 551.24(292.451/.454)"613/615"  |2 1997 
080 |a 551.432.46(292.451/.454)  |2 1997 
080 |a 551.73/.76  |2 1997 
245 0 0 |a Early stages of the Carpathian basins development  |c Jan Golonka ... [et al.] 
300 |b Obr. 
504 |a Bibliogr. odkazy 
504 |a Res. angl. 
650 0 7 |a dosková tektonika  |2 snkbucl  |9 85996 
650 0 7 |a panvy (geológia)  |2 snkbucl  |9 256362 
650 0 7 |a prvohory  |2 snkbucl  |9 83373 
650 0 7 |a druhohory  |2 snkbucl  |9 79225 
651 7 |a Karpaty (pohorie)  |2 snkbucl  |9 157023 
655 7 |a články z novín a časopisov  |2 snkbucl  |9 267496 
700 1 |a Golonka, Jan  |4 aut  |9 795732 
700 1 |a Oszczypko, Nestor  |4 aut  |9 795740 
700 1 |a Słomka, Tadeusz  |4 aut  |9 1158503 
700 1 |a Krobicki, Michal  |4 aut  |9 795738 
773 0 |t Mineralia slovaca  |g Roč. 35, č. 1 (2003), s. 4-6  |x 0369-2086 
850 |a Slovenská národná knižnica 
852 |a Slovenská národná knižnica 
958 |a article9 
958 |a OND 
958 |a EUIPO 
992 |a RBX 
999 |c 3215813  |d 3217743